Sports Quiz

Random Sports or World Quiz

#1 Ranked Golfers Quiz Stats

 Plays Quiz Updated Jun 15, 2019

Score 0/23 Timer 06:00
1 Play Today
Weeks Golfer % Correct
683Tiger Woods
99.5%
95Rory McIlroy
77.2%
81Dustin Johnson
72.1%
26Jordan Spieth
68.2%
13Justin Rose
62.5%
32Vijay Singh
59.5%
51Jason Day
57.4%
331Greg Norman
57.3%
13Brooks Koepka
55.1%
97Nick Faldo
53.3%
9Ernie Els
52.4%
4Justin Thomas
50.4%
Weeks Golfer % Correct
15David Duval
40.2%
56Luke Donald
38.3%
11Adam Scott
37.7%
22Lee Westwood
36.6%
61Seve Ballesteros
34%
16Fred Couples
31.9%
3Bernhard Langer
26.7%
8Martin Kaymer
26.5%
44Nick Price
25.6%
50Ian Woosnam
23.6%
1Tom Lehman
16%

You're not logged in!

Compare scores with friends on all Sporcle quizzes.
OR
Log In

Sporcle TV

Today on Sporcle TV


Watch our educational content, quiz creation guides, and fun videos on Sporcle TV.

Show Comments

Extras

Top Quizzes Today


Score Distribution

Your Account Isn't Verified!

In order to create a playlist on Sporcle, you need to verify the email address you used during registration. Go to your Sporcle Settings to finish the process.

Report this User

Report this user for behavior that violates our Community Guidelines.

Details: